| 000 | 00330nam a22001337a 4500 | ||
|---|---|---|---|
| 020 | _a9789812452573 | ||
| 040 | _cNUST | ||
| 082 | _a725.23 OFF | ||
| 100 |
_aNoden, Jay _9110167 |
||
| 245 | _aOffice Rooms | ||
| 260 |
_aSingapore: _bPage One Publishing Pte Ltd, _c2006. |
||
| 650 |
_aOffice Decoration _9110168 |
||
| 942 |
_2ddc _cBK |
||
| 999 |
_c593630 _d593630 |
||